000 01627cam a2200361 4500
001 2207653
003 OSt
005 20260429162403.0
008 710412s1971 nyua c 001 0 eng
010 _a 74112621
_z 73585644
020 _a0714832421
035 _a2207653
040 _aDLC
_cFoundation University
050 0 0 _aND 553.C8
_bC66 .1971
100 1 _aCooper, Douglas,
_d1911-1984.
_915787
245 1 4 _aThe Cubist epoch.
260 _a[London]
_bPhaidon in association with the Los Angeles County Museum of Art & the Metropolitan Museum of Art [distributed by Praeger, New York,
_c1971
264 _41971
300 _a320 p.
_billus. (part col.)
_c26 cm.
_3books
_fbooks
336 _atext
_btxt
_2rdacontent
_3books
337 _aunmediated
_bn
_2rdamedia
_3books
338 _avolume
_bnc
_2rdacarrier
_3books
500 _aBased on an exhibition of 321 paintings, sculpture, drawings, and prints shown at the Los Angeles County Museum of Art, 1970 and at the Metropolitan Museum of Art, 1971.
650 0 _aCubism
_vExhibitions.
_915788
650 0 _aArt, Modern
_y20th century.
_911160
655 7 _aExhibition catalogs.
_2lcgft
_0https://id.loc.gov/authorities/genreForms/gf2014026098
_912632
710 2 _aLos Angeles County Museum of Art.
_915789
710 2 _aMetropolitan Museum of Art (New York, N.Y.)
_915790
906 _a7
_bcbc
_corignew
_d2
_encip
_f19
_gy-gencatlg
942 _2ddc
_cBK
_hND 553.C8
_i.1971 C66
_k(DAFA-FA)
999 _c5844
_d5844